[Event "Pavlodar op"]
[Site "Pavlodar"]
[Date "2012.12.06"]
[Round "8"]
[White "Omarov, Ospan"]
[Black "Kvan, Andrey"]
[Result "1-0"]
[WhiteElo "2279"]
[BlackElo "2091"]
[PlyCount "51"]
[EventDate "2012.11.30"]
[EventType "swiss"]
[EventRounds "10"]
[EventCountry "KAZ"]
[SourceTitle "EXT 2014"]
[Source "ChessBase"]
[SourceDate "2013.11.20"]
[SourceVersion "1"]
[SourceVersionDate "2013.11.20"]
[SourceQuality "1"]

1. e4 c5 2. Nc3 Nc6 3. Bb5 g6 4. Bxc6 dxc6 5. f4 Bg7 6. Nf3 Nf6 7. 0-0 0-0 8. d3 b6 9. Qe1 Bg4 10. Ne5 Bd7 11. Qh4 Ne8 12. Be3 f6 13. Nf3 Nd6 14. Rae1 e6 15. Kh1 f5 16. Qg3 fxe4 17. Nxe4 Nf5 18. Qf2 Nxe3 19. Qxe3 Qc7 20. Ne5 Rae8 21. Qh3 Bxe5 22. fxe5 Qxe5 23. Qh4 Kg7 24. Ng5 h6 25. Nf7 Qh5 26. Qf6+ 1-0

[Event "KAZ-ch"]
[Site "Astana"]
[Date "2012.04.17"]
[Round "12"]
[White "Sadykov, Iskander"]
[Black "Omarov, Ospan"]
[Result "1-0"]
[WhiteElo "2173"]
[BlackElo "2330"]
[PlyCount "52"]
[EventDate "2012.04.06"]
[EventType "tourn"]
[EventRounds "13"]
[EventCountry "KAZ"]
[EventCategory "6"]
[SourceTitle "CBM 148 Extra"]
[Source "ChessBase"]
[SourceDate "2012.06.22"]
[SourceVersion "1"]
[SourceVersionDate "2012.06.22"]
[SourceQuality "1"]

1. e4 g6 2. d4 Bg7 3. Nc3 c5 4. dxc5 Qa5 5. Nf3 Qxc5 6. Be3 Qa5 7. Nd4 d6 8. Be2 Nf6 9. 0-0 0-0 10. Nb3 Qc7 11. f4 Nc6 12. Bf3 a6 13. Qe1 e5 14. f5 Nb4 15. Qh4 d5 16. exd5 Nxc2 17. d6 Qd8 18. Bg5 h6 19. Bxh6 Nh7 20. Qxd8 Rxd8 21. fxg6 Nxa1 22. gxh7+ Kxh7 23. Bxg7 Nxb3 24. Bf6 Rxd6 25. Be4+ Kg8 26. axb3 Be6 1-0

[Event "KAZ-ch"]
[Site "Astana"]
[Date "2012.04.10"]
[Round "5"]
[White "Aitbayev, Aslan"]
[Black "Omarov, Ospan"]
[Result "0-1"]
[WhiteElo "2380"]
[BlackElo "2330"]
[PlyCount "82"]
[EventDate "2012.04.06"]
[EventType "tourn"]
[EventRounds "13"]
[EventCountry "KAZ"]
[EventCategory "6"]
[SourceTitle "CBM 148 Extra"]
[Source "ChessBase"]
[SourceDate "2012.06.22"]
[SourceVersion "1"]
[SourceVersionDate "2012.06.22"]
[SourceQuality "1"]

1. e4 c5 2. Nf3 d6 3. d4 cxd4 4. Nxd4 Nf6 5. Nc3 Nc6 6. Bg5 Qa5 7. Bxf6 gxf6 8. Nb3 Qd8 9. Qh5 Bg7 10. Be2 Be6 11. 0-0 Qc8 12. Nd5 f5 13. Qg5 Bxb2 14. Bb5 Bxd5 15. exd5 Bf6 16. Qe3 a6 17. Bxc6+ bxc6 18. Rad1 cxd5 19. Qh6 Rg8 20. Rfe1 Rg6 21. Qxh7 Qxc2 22. Qh3 Qxa2 23. Rxd5 Rb8 24. Rd3 Kf8 25. Nd2 Qa5 26. Rd1 Kg7 27. Nc4 Qc5 28. Ne3 e6 29. Rxd6 Rh8 30. Qf3 Be5 31. Rxa6 Bxh2+ 32. Kf1 Be5 33. Rd3 Qb5 34. Raa3 Rh1+ 35. Ke2 Qb4 36. Rd2 f4 37. Nd1 Rg1 38. Ra7 R6xg2 39. Qc6 Rg6 40. Rb7 Qa3 41. Rdd7 f3+ 0-1

[Event "KAZ-ch"]
[Site "Astana"]
[Date "2012.04.06"]
[Round "1"]
[White "Jumabayev, Rinat"]
[Black "Omarov, Ospan"]
[Result "0-1"]
[WhiteElo "2287"]
[BlackElo "2330"]
[PlyCount "82"]
[EventDate "2012.04.06"]
[EventType "tourn"]
[EventRounds "13"]
[EventCountry "KAZ"]
[EventCategory "6"]
[SourceTitle "CBM 148 Extra"]
[Source "ChessBase"]
[SourceDate "2012.06.22"]
[SourceVersion "1"]
[SourceVersionDate "2012.06.22"]
[SourceQuality "1"]

1. Nf3 Nf6 2. c4 e6 3. g3 d5 4. d4 Be7 5. Bg2 0-0 6. 0-0 c6 7. Nc3 Nbd7 8. Bf4 Nh5 9. Bc1 Nhf6 10. Qd3 Re8 11. Rd1 dxc4 12. Qxc4 Qa5 13. Bf4 Nb6 14. Qb3 Nbd5 15. Ne5 Nxf4 16. gxf4 Bd6 17. e3 Qd8 18. Rac1 Nd5 19. Ne4 f6 20. Nd3 Kh8 21. Kh1 Qe7 22. Qc2 Bc7 23. Ng3 Qf7 24. Qb3 Bd6 25. Rc4 Rb8 26. Kg1 Qg6 27. Bf3 Re7 28. Rdc1 Bd7 29. Qd1 Rg8 30. Be4 Qh6 31. Qh5 Qxh5 32. Nxh5 g5 33. fxg5 Rxg5+ 34. Ng3 f5 35. Bg2 Reg7 36. Re1 h5 37. e4 Nb6 38. Rc3 h4 39. f4 R5g6 40. exf5 exf5 41. Ne5 Bxe5 0-1

[Event "KAZ-ch qual"]
[Site "Astana"]
[Date "2012.02.26"]
[Round "6"]
[White "Nukin, Ashat"]
[Black "Omarov, Ospan"]
[Result "0-1"]
[WhiteElo "2352"]
[BlackElo "2278"]
[PlyCount "57"]
[EventDate "2012.02.21"]
[EventType "swiss"]
[EventRounds "9"]
[EventCountry "KAZ"]
[SourceTitle "EXT 2014"]
[Source "ChessBase"]
[SourceDate "2013.11.20"]
[SourceVersion "1"]
[SourceVersionDate "2013.11.20"]
[SourceQuality "1"]

1. e4 c5 2. Nf3 d6 3. d4 cxd4 4. Nxd4 Nf6 5. Nc3 Nc6 6. Bg5 Bd7 7. Qd2 Rc8 8. f4 Qa5 9. Nb3 Qc7 10. 0-0-0 h6 11. Bh4 a6 12. Be2 b5 13. Rhe1 e6 14. Bxf6 gxf6 15. Bh5 b4 16. Ne2 Na5 17. Ned4 Nc4 18. Qd3 a5 19. f5 Ne5 20. Qe2 Ke7 21. Kb1 a4 22. Nc1 a3 23. Nd3 axb2 24. Nxb2 Qa7 25. Nb3 Ra8 26. Nc1 Bg7 27. Qd2 Qb6 28. Re3 Rhc8 29. Rb3 0-1

[Event "KAZ-ch qual"]
[Site "Astana"]
[Date "2012.02.24"]
[Round "4"]
[White "Omarov, Ospan"]
[Black "Akkozov, Berik"]
[Result "0-1"]
[WhiteElo "2278"]
[BlackElo "2363"]
[PlyCount "55"]
[EventDate "2012.02.21"]
[EventType "swiss"]
[EventRounds "9"]
[EventCountry "KAZ"]
[SourceTitle "EXT 2014"]
[Source "ChessBase"]
[SourceDate "2013.11.20"]
[SourceVersion "1"]
[SourceVersionDate "2013.11.20"]
[SourceQuality "1"]

1. e4 c5 2. Nc3 Nc6 3. f4 g6 4. Nf3 Bg7 5. Bc4 e6 6. 0-0 Nge7 7. d3 d5 8. Bb3 0-0 9. Qe1 Na5 10. Bd2 b6 11. Nd1 Nec6 12. Bc3 d4 13. Bd2 b5 14. Ne5 Nxb3 15. Nxc6 Qc7 16. axb3 Qxc6 17. Qh4 f5 18. Nf2 Bb7 19. Rae1 a5 20. Nh3 h6 21. Rf3 Rfe8 22. g4 a4 23. bxa4 Rxa4 24. Rg3 Ra2 25. Bc1 c4 26. Nf2 c3 27. b3 Rxc2 28. Rg2 0-1

[Event "KAZ-ch qual"]
[Site "Astana"]
[Date "2012.02.22"]
[Round "2"]
[White "Kokarev, Viktor"]
[Black "Omarov, Ospan"]
[Result "0-1"]
[WhiteElo "2102"]
[BlackElo "2278"]
[PlyCount "66"]
[EventDate "2012.02.21"]
[EventType "swiss"]
[EventRounds "9"]
[EventCountry "KAZ"]
[SourceTitle "EXT 2014"]
[Source "ChessBase"]
[SourceDate "2013.11.20"]
[SourceVersion "1"]
[SourceVersionDate "2013.11.20"]
[SourceQuality "1"]

1. e4 c5 2. c3 d5 3. exd5 Qxd5 4. d4 Nf6 5. dxc5 Qxc5 6. Na3 a6 7. Be3 Qc7 8. Be2 Nbd7 9. h3 e5 10. Nf3 Be7 11. Nc2 0-0 12. 0-0 Rd8 13. Qc1 Nc5 14. Rd1 Bf5 15. Bxc5 Bxc5 16. Ne3 Bg6 17. Nh4 Qb6 18. Nxg6 hxg6 19. Rf1 Ne4 20. b4 Bxe3 21. fxe3 Rd2 22. Bf3 Qxe3+ 23. Kh2 Qf4+ 24. Kg1 Qe3+ 25. Kh2 Qf4+ 26. Kg1 Ng3 27. Rf2 Rad8 28. Qe1 Rxf2 29. Qxf2 Rd2 30. Qc5 e4 31. Qc8+ Kh7 32. Re1 exf3 33. Re8 Rxg2# 0-1